Hand Book for Youth Ministry (Record no. 11949)

MARC details
000 -LEADER
fixed length control field 00637nam a2200217 a 4500
001 - CONTROL NUMBER
control field 0001-1949
003 - CONTROL NUMBER IDENTIFIER
control field ELIB.Books
008 - FIXED-LENGTH DATA ELEMENTS--GENERAL INFORMATION
fixed length control field 190118 2010 eng
020 ## - INTERNATIONAL STANDARD BOOK NUMBER
International Standard Book Number 9717171572
092 ## - LOCALLY ASSIGNED DEWEY CALL NUMBER (OCLC)
Classification number 259.23 Bla
Item number Bla
100 ## - MAIN ENTRY--PERSONAL NAME
Personal name Black, Wesley.
245 ## - TITLE STATEMENT
Title Hand Book for Youth Ministry
Remainder of title A Manual of Ideas for Pastors, Youth Leaders and Youth
260 ## - PUBLICATION, DISTRIBUTION, ETC. (IMPRINT)
Place of publication, distribution, etc. Makati City
Name of publisher, distributor, etc. Chuch Strengthening Ministry
Date of publication, distribution, etc. 1998
300 ## - PHYSICAL DESCRIPTION
Extent 101
Dimensions 20.6 cm
650 ## - SUBJECT ADDED ENTRY--TOPICAL TERM
Topical term or geographic name as entry element Church work with Youth
856 ## - ELECTRONIC LOCATION AND ACCESS
Name of location of host KBTS Library
Uniform Resource Identifier <a href="KBTS Elib">KBTS Elib</a>
942 ## - ADDED ENTRY ELEMENTS (KOHA)
Source of classification or shelving scheme Dewey Decimal Classification
Koha item type Books
990 ## - EQUIVALENCES OR CROSS-REFERENCES [LOCAL, CANADA]
Link information for 9XX fields 2
998 ## - LOCAL CONTROL INFORMATION (RLIN)
-- Englishbooks.elf
Cataloger's initials, CIN (RLIN) cat
-- 2019-01-18
Holdings
Withdrawn status Lost status Source of classification or shelving scheme Damaged status Not for loan Home library Current library Date acquired Total Checkouts Barcode Date last seen Bill Date Koha item type
    Dewey Decimal Classification     Karen Baptist Theological Seminary Library Karen Baptist Theological Seminary Library 18/01/2019   17231 22/01/2022 22/01/2022 Books
Implemented & Customized by: BestBookBuddies

Powered by Koha